[Event "8th Essent op"]
[Site "Hoogeveen NED"]
[Date "2004.10.17"]
[Round "3.24"]
[White "Hendriks, Richard V"]
[Black "Pel, Bonno"]
[Result "1/2-1/2"]
[WhiteElo "2140"]
[BlackElo "2312"]
[EventDate "2004.10.15"]
[PlyCount "143"]

1.e4 d6 2.d4 Nf6 3.Nc3 g6 4.Be3 c6 5.h3 Nbd7 6.f4 b5 7.Qf3 b4 8.Nb1 Bb7 9.
Bd3 Qc7 10.Nd2 Bg7 11.Ne2 c5 12.c3 bxc3 13.bxc3 O-O 14.O-O e6 15.g4 Nb6 
16.Rac1 Rac8 17.g5 Nfd7 18.Qg4 f5 19.gxf6 Nxf6 20.Qh4 Qc6 21.c4 Na4 22.d5 
exd5 23.cxd5 Qe8 24.Rf3 Nb2 25.Rb1 Nxd5 26.Rxb2 Bxb2 27.Bc4 Kh8 28.Bxd5 
Bxd5 29.exd5 Qf7 30.f5 gxf5 31.Nf4 Rg8+ 32.Kf1 Be5 33.Qh5 Qxh5 34.Nxh5 c4 
35.Nf4 c3 36.Nb3 Rc4 37.Nd3 Rf8 38.Bh6 Rf7 39.Re3 Re4 40.Nxe5 Rxe5 41.Rxc3
Re8 42.Nd4 Rf6 43.Bc1 Rb8 44.Ne6 h6 45.h4 f4 46.Rb3 Rxb3 47.axb3 Kg8 48.
Nxf4 Kf7 49.Ke2 Ke7 50.Ke3 Kd7 51.Ke4 Rf8 52.Bd2 Rb8 53.b4 Rc8 54.Kd3 Rg8 
55.Ke4 Ke7 56.h5 Kf6 57.Ng6 Re8+ 58.Kd3 Rb8 59.Kc4 Kg7 60.Ne7 Rf8 61.Nc6 
a6 62.Nd4 Rc8+ 63.Kd3 Kf6 64.Bxh6 Rh8 65.Bf4 Rxh5 66.Kc4 Ke7 67.Nc6+ Kd7 
68.Be3 Rh4+ 69.Bd4 Kc7 70.Ne7 Rf4 71.Ng6 Rf1 72.Nh4 1/2-1/2

[Event "8th Essent op"]
[Site "Hoogeveen NED"]
[Date "2004.10.17"]
[Round "3.26"]
[White "Galje, Hans"]
[Black "Doggers, Peter"]
[Result "0-1"]
[WhiteElo "2115"]
[BlackElo "2292"]
[EventDate "2004.10.15"]
[PlyCount "102"]

1.d4 Nf6 2.Nf3 g6 3.Nc3 Bg7 4.e4 d6 5.Be2 O-O 6.O-O c6 7.a4 a5 8.h3 Na6 9.
Bg5 Qc7 10.Qd2 e5 11.dxe5 dxe5 12.Qe3 Nb4 13.Rac1 Nh5 14.Bc4 Nf4 15.Rfd1 
Kh8 16.Ne2 Be6 17.Bxe6 Nxe6 18.Bh6 Rad8 19.Bxg7+ Kxg7 20.Qb3 Nc5 21.Qc4 
Nxa4 22.Qb3 b5 23.c4 Nc5 24.Qe3 Ncd3 25.Rb1 bxc4 26.Nd2 Nc2 27.Qg3 Nd4 28.
Nxd4 Rxd4 29.Nxc4 Nf4 30.Qb3 Rxe4 31.Re1 Rxe1+ 32.Rxe1 Re8 33.Qc3 Nd5 34.
Qxa5 Qxa5 35.Nxa5 Re6 36.Rc1 Ne7 37.Rd1 Nf5 38.Rd7 Re7 39.Rd8 Nd4 40.Rc8 
Re6 41.Rc7 g5 42.Nb7 Kf8 43.Nc5 Re7 44.Rc8+ Kg7 45.f3 f5 46.Kf2 e4 47.fxe4
fxe4 48.Ke3 Nf5+ 49.Ke2 e3 50.Nd3 Nd4+ 51.Ke1 Ra7 0-1

[Event "8th Essent op"]
[Site "Hoogeveen NED"]
[Date "2004.10.17"]
[Round "3.27"]
[White "Knol, Geon"]
[Black "Porat, David"]
[Result "0-1"]
[WhiteElo "2110"]
[BlackElo "2280"]
[EventDate "2004.10.15"]
[PlyCount "54"]

1.g3 d5 2.c3 Nf6 3.Na3 e6 4.d4 c5 5.Bf4 Nc6 6.Nb5 Kd7 7.Qa4 Qb6 8.dxc5 
Bxc5 9.O-O-O Bxf2 10.Nc7 Rb8 11.Nxd5 Nxd5 12.Bxb8 Be3+ 13.Kc2 Ke7 14.Bh3 
Nxb8 15.Nf3 Bd7 16.Qh4+ Nf6 17.g4 Bf2 18.Qg5 h6 19.Qe5 Qc5 20.Bg2 Bc6 21.
Qxc5+ Bxc5 22.h3 Nd5 23.Kc1 Ne3 24.Rdg1 Be4 25.b4 Bb6 26.Kb2 Nc4+ 27.Kb3 
Bxg1 0-1

[Event "8th Essent op"]
[Site "Hoogeveen NED"]
[Date "2004.10.17"]
[Round "3.29"]
[White "Clemens, Adrian HP"]
[Black "Boersma, Jan"]
[Result "0-1"]
[WhiteElo "2277"]
[BlackElo "2221"]
[EventDate "2004.10.15"]
[PlyCount "64"]

1.d4 Nf6 2.c4 g6 3.Nc3 Bg7 4.e4 O-O 5.f3 c5 6.d5 d6 7.Nge2 e6 8.Ng3 exd5 
9.cxd5 Nbd7 10.Be2 a6 11.a4 Qc7 12.O-O c4 13.Qc2 Rb8 14.a5 Re8 15.Be3 h5 
16.Rfc1 h4 17.Nh1 h3 18.g4 b5 19.axb6 Nxb6 20.Qd2 Nfd7 21.Nf2 Nc5 22.Bd1 
Nbd7 23.Nxh3 Ne5 24.Kg2 Ned3 25.Rcb1 Qe7 26.Nf4 Be5 27.Nxd3 Nxd3 28.Ba4 
Rf8 29.Kh1 Qf6 30.Nd1 Qxf3+ 31.Qg2 Bxg4 32.Bc2 Ne1 0-1

[Event "8th Essent op"]
[Site "Hoogeveen NED"]
[Date "2004.10.17"]
[Round "3.30"]
[White "Hensbergen, Willem"]
[Black "Wempe, Joost"]
[Result "1/2-1/2"]
[WhiteElo "2126"]
[BlackElo "2263"]
[EventDate "2004.10.15"]
[PlyCount "81"]

1.d4 d5 2.c4 c6 3.Nc3 e6 4.Nf3 Nf6 5.Bg5 h6 6.Bh4 dxc4 7.a4 Bb4 8.Bxf6 
Qxf6 9.e3 b5 10.axb5 cxb5 11.Nd2 Bxc3 12.bxc3 O-O 13.Be2 a6 14.O-O Nd7 15.
f4 Qe7 16.e4 Bb7 17.e5 Nb6 18.Bf3 Nd5 19.Qe1 Nxc3 20.Nxc4 Bxf3 21.Rxf3 b4 
22.Nd6 Rfd8 23.f5 exf5 24.Nxf5 Qe6 25.Kh1 Ra7 26.Qg3 g5 27.Raf1 Ne2 28.Qh3
Nf4 29.Nxh6+ Kf8 30.Rxf4 gxf4 31.Nf5 f6 32.Qh8+ Kf7 33.Qg7+ Ke8 34.Qxa7 
Qxf5 35.Re1 Rd7 36.exf6+ Kf7 37.Qxa6 f3 38.Qc4+ Kxf6 39.Qc6+ Kg7 40.Qxf3 
Qxf3 41.gxf3 1/2-1/2

[Event "8th Essent op"]
[Site "Hoogeveen NED"]
[Date "2004.10.17"]
[Round "3.31"]
[White "Van Leent, Dmitri"]
[Black "Van der Veen, Jan"]
[Result "1-0"]
[WhiteElo "2244"]
[BlackElo "2122"]
[EventDate "2004.10.15"]
[PlyCount "63"]

1.e4 e5 2.Nf3 Nc6 3.Bb5 Bc5 4.O-O Nd4 5.Bc4 d6 6.Nxd4 Bxd4 7.c3 Bb6 8.d4 
Nf6 9.Bg5 h6 10.Bh4 g5 11.dxe5 gxh4 12.exf6 Rg8 13.e5 Bh3 14.Bd5 c6 15.Qd3
Qd7 16.e6 Bxe6 17.Bxe6 Qxe6 18.Nd2 O-O-O 19.Rae1 Qxf6 20.Re4 Kb8 21.Qf3 
Qxf3 22.Nxf3 h3 23.g3 Rde8 24.Rfe1 Re6 25.Rxe6 fxe6 26.Rxe6 Rf8 27.Nd4 d5 
28.Rxh6 c5 29.Ne6 Re8 30.Kf1 d4 31.cxd4 cxd4 32.Nf4 1-0

[Event "8th Essent op"]
[Site "Hoogeveen NED"]
[Date "2004.10.17"]
[Round "3.32"]
[White "Cako, Laszlo"]
[Black "Hamelink, Desiree"]
[Result "0-1"]
[WhiteElo "2137"]
[BlackElo "2227"]
[EventDate "2004.10.15"]
[PlyCount "84"]

1.e4 c5 2.Nf3 d6 3.d4 cxd4 4.Nxd4 Nf6 5.Nc3 a6 6.Bc4 e6 7.Bb3 Nbd7 8.O-O 
Nc5 9.Re1 Be7 10.Qf3 O-O 11.Qg3 Nh5 12.Qf3 Nf6 13.Qg3 Bd7 14.Bh6 Ne8 15.
Be3 b5 16.a3 Nxb3 17.cxb3 Qb8 18.b4 Bf6 19.Rac1 a5 20.Na2 Bxd4 21.Bxd4 e5 
22.Be3 Be6 23.Nc3 axb4 24.axb4 f5 25.exf5 Rxf5 26.f4 Nf6 27.fxe5 dxe5 28.
Bc5 Nh5 29.Qd3 Nf4 30.Qxb5 Qxb5 31.Nxb5 Nd3 32.Nc7 Nxe1 33.Rxe1 Ra2 34.
Nxe6 Rxb2 35.Rf1 Rf6 36.Nc7 Kf7 37.b5 Kg6 38.Rxf6+ gxf6 39.b6 Kf7 40.Nd5 
Rb5 41.Bd6 Rb1+ 42.Kf2 Ke6 0-1

[Event "8th Essent op"]
[Site "Hoogeveen NED"]
[Date "2004.10.17"]
[Round "3.33"]
[White "Kleijn, Christov"]
[Black "Van Kooten, Luuk"]
[Result "0-1"]
[WhiteElo "2007"]
[BlackElo "2272"]
[EventDate "2004.10.15"]
[PlyCount "62"]

1.e4 c5 2.Nf3 Nc6 3.d4 cxd4 4.Nxd4 Nf6 5.Nc3 e5 6.Ndb5 d6 7.Bg5 a6 8.Na3 
b5 9.Bxf6 gxf6 10.Nd5 Bg7 11.Bd3 Ne7 12.Qh5 Nxd5 13.exd5 e4 14.Be2 f5 15.
c3 b4 16.Nc4 bxc3 17.O-O cxb2 18.Rab1 Rb8 19.Qh3 f4 20.Qa3 O-O 21.Nxb2 f3 
22.Bc4 fxg2 23.Rfe1 Bf5 24.Re2 Be5 25.h3 Qh4 26.Rd1 Bxh3 27.f4 exf3 28.
Qxf3 Bh2+ 29.Kxh2 Bg4+ 30.Kxg2 Bxf3+ 31.Kxf3 Rxb2 0-1

[Event "8th Essent op"]
[Site "Hoogeveen NED"]
[Date "2004.10.17"]
[Round "3.34"]
[White "Wilson, Alexandra"]
[Black "De Vreugt, Dennis"]
[Result "0-1"]
[WhiteElo "2070"]
[BlackElo "2466"]
[EventDate "2004.10.15"]
[PlyCount "92"]

1.e4 e5 2.Nf3 Nc6 3.Bb5 a6 4.Ba4 Nf6 5.O-O Be7 6.Bxc6 dxc6 7.d3 Nd7 8.Nbd2
O-O 9.Nc4 f6 10.Nh4 Re8 11.Nf5 Bf8 12.Re1 Nc5 13.h4 Be6 14.b3 Qd7 15.Qf3 
a5 16.a4 b6 17.h5 Rad8 18.Bb2 Na6 19.Rad1 c5 20.g4 Nb4 21.Nfe3 Nc6 22.c3 
Qf7 23.Kf1 Rd7 24.Ke2 Rb8 25.Rg1 b5 26.axb5 Rxb5 27.g5 fxg5 28.Qxf7+ Kxf7 
29.Rxg5 Rxb3 30.Ra1 Be7 31.Rgg1 Rd8 32.Kd2 Rb5 33.Kc2 Bh4 34.Rgf1 Bg5 35.
Ba3 g6 36.hxg6+ Kxg6 37.Rab1 Rxb1 38.Rxb1 h5 39.Bxc5 h4 40.Nd2 h3 41.Nf3 
Bf4 42.Rg1+ Kf6 43.Nf1 Bf7 44.N3h2 a4 45.f3 Bb3+ 46.Kb2 Rxd3 0-1

[Event "8th Essent op"]
[Site "Hoogeveen NED"]
[Date "2004.10.17"]
[Round "3.35"]
[White "O'Cinneide, Mel"]
[Black "Groenewold, Jan Joris"]
[Result "1-0"]
[WhiteElo "2268"]
[BlackElo "2159"]
[EventDate "2004.10.15"]
[PlyCount "97"]

1.c4 f5 2.g3 Nf6 3.Nf3 g6 4.Bg2 Bg7 5.O-O O-O 6.d4 d6 7.Nc3 c6 8.b3 d5 9.
Bf4 Be6 10.c5 h6 11.b4 Nbd7 12.a4 Bf7 13.Ne5 g5 14.Nxf7 Rxf7 15.Bd2 e5 16.
dxe5 Nxe5 17.f4 Nc4 18.fxg5 Nxd2 19.Qxd2 Ne4 20.Nxe4 dxe4 21.Qa2 Qxg5 22.
Rad1 Kf8 23.Bh3 Rd8 24.Qe6 Re8 25.Qxf7+ Kxf7 26.Rxf5+ Qxf5 27.Bxf5 Kf6 28.
g4 Re7 29.Kf2 Kg5 30.Rd6 Kf4 31.e3+ Ke5 32.Rd4 Kf6 33.Rxe4 Rxe4 34.Bxe4 
Ke5 35.Bf5 Bf8 36.Kf3 a5 37.bxa5 Bxc5 38.Bc8 b5 39.axb6 Bxb6 40.h4 Bd8 41.
g5 hxg5 42.h5 Kf6 43.Ke4 Bb6 44.Kd3 Ke5 45.e4 c5 46.Kc4 Kxe4 47.h6 Bc7 48.
h7 Be5 49.a5 1-0

[Event "8th Essent op"]
[Site "Hoogeveen NED"]
[Date "2004.10.17"]
[Round "3.36"]
[White "Rooda, Kai P"]
[Black "Giddins, Stephen"]
[Result "1-0"]
[WhiteElo "2165"]
[BlackElo "2248"]
[EventDate "2004.10.15"]
[PlyCount "79"]

1.e4 e6 2.d4 d5 3.Nc3 Bb4 4.Ne2 Nf6 5.e5 Nfd7 6.f4 O-O 7.a3 Be7 8.Be3 c5 
9.dxc5 Nxc5 10.b4 Ncd7 11.Nd4 Nc6 12.Bd3 Nxd4 13.Bxd4 f5 14.O-O Nb6 15.Qe2
Bd7 16.b5 Qc7 17.Qf2 Nc4 18.a4 Rfc8 19.Kh1 Bc5 20.Ne2 a6 21.bxa6 Rxa6 22.
Rfb1 b6 23.Bxc5 Qxc5 24.Qxc5 Rxc5 25.Nd4 Kf7 26.Rb4 Ke7 27.Kg1 Ra8 28.Kf2 
g5 29.Bxc4 Rxc4 30.Rxc4 dxc4 31.fxg5 Ra5 32.Rb1 Rxe5 33.Rxb6 Bxa4 34.Rb7+ 
Kd6 35.Rxh7 Re4 36.c3 Rg4 37.h4 Bd7 38.g3 e5 39.Nf3 e4 40.Rxd7+ 1-0

[Event "8th Essent op"]
[Site "Hoogeveen NED"]
[Date "2004.10.17"]
[Round "3.37"]
[White "Ahlers, Ben"]
[Black "Westerkamp, Bert"]
[Result "1-0"]
[WhiteElo "2223"]
[BlackElo "2115"]
[EventDate "2004.10.15"]
[PlyCount "95"]

1.d4 Nf6 2.c4 e6 3.Nc3 d5 4.Bg5 Be7 5.e3 O-O 6.Nf3 h6 7.Bh4 Ne4 8.Bxe7 
Qxe7 9.Rc1 Nxc3 10.Rxc3 c6 11.Bd3 Nd7 12.O-O e5 13.dxe5 dxc4 14.Bxc4 Nxe5 
15.Nxe5 Qxe5 16.f4 Qe7 17.f5 Rd8 18.f6 Rxd1 19.fxe7 Rxf1+ 20.Kxf1 Be6 21.
Bxe6 fxe6 22.Rd3 Re8 23.Rd7 b6 24.Rxa7 Kf7 25.Rc7 c5 26.Rb7 Ra8 27.a3 c4 
28.Rxb6 c3 29.bxc3 Rxa3 30.Rxe6 Ke8 31.c4 Rc3 32.Re4 Rc2 33.h4 Rd2 34.Kg1 
Rb2 35.Kh2 Rf2 36.Kg3 Rf6 37.Kg4 g6 38.g3 Rf5 39.Kh3 Rf6 40.Re5 Rc6 41.c5 
Rf6 42.g4 Ra6 43.Kg3 Ra4 44.Kf3 Rc4 45.e4 Rc1 46.Ke3 Rc4 47.Kd3 Rc1 48.Kd4
1-0

[Event "8th Essent op"]
[Site "Hoogeveen NED"]
[Date "2004.10.17"]
[Round "3.39"]
[White "Van Geffen, Ben"]
[Black "Hemminga, Fokko"]
[Result "1-0"]
[WhiteElo "2181"]
[BlackElo "2089"]
[EventDate "2004.10.15"]
[PlyCount "109"]

1.e4 c6 2.d4 d5 3.Nc3 dxe4 4.Nxe4 Bf5 5.Ng3 Bg6 6.h4 h6 7.Bc4 e6 8.N1e2 
Nf6 9.Nf4 Bh7 10.Qe2 Nd5 11.c3 Be7 12.Ngh5 Rg8 13.Nxd5 cxd5 14.Bd3 Bxd3 
15.Qxd3 g6 16.Nf4 Bxh4 17.Qb5+ Qd7 18.Qxd7+ Nxd7 19.Rxh4 g5 20.Rxh6 gxf4 
21.Bxf4 O-O-O 22.g3 Rh8 23.Rxh8 Rxh8 24.Ke2 Rh7 25.g4 Nf6 26.f3 Ng8 27.Rg1
Ne7 28.Rg2 Kd7 29.Rh2 Rxh2+ 30.Bxh2 b5 31.b3 Nc6 32.Kd3 a5 33.a4 bxa4 34.
bxa4 Na7 35.Bf4 Nc8 36.c4 dxc4+ 37.Kxc4 Kc6 38.Bd2 Nd6+ 39.Kd3 Kb6 40.d5 
e5 41.Be3+ Kc7 42.Bc5 Nb7 43.Kc4 f6 44.Be7 Kd7 45.Bxf6 Nd6+ 46.Kd3 Nc8 47.
g5 Nb6 48.Ke4 Nxa4 49.g6 Nc5+ 50.Kxe5 Ke8 51.Kd6 Nd3 52.Bc3 a4 53.Kc6 Nf4 
54.d6 Nh5 55.d7+ 1-0

[Event "8th Essent op"]
[Site "Hoogeveen NED"]
[Date "2004.10.18"]
[Round "4.2"]
[White "Baklan, Vladimir"]
[Black "Khenkin, Igor"]
[Result "0-1"]
[WhiteElo "2591"]
[BlackElo "2587"]
[EventDate "2004.10.15"]
[PlyCount "136"]

1.e4 c6 2.d4 d5 3.e5 Bf5 4.Nf3 e6 5.Be2 Nd7 6.O-O Bg6 7.Nbd2 Nh6 8.c4 Nf5 
9.cxd5 cxd5 10.Nb3 Be7 11.Bd2 Rc8 12.Ba5 b6 13.Bc3 O-O 14.Nc1 Nb8 15.Nd3 
Bh5 16.Nf4 Bxf3 17.Bxf3 b5 18.a3 a5 19.Bg4 Nh6 20.Bh3 b4 21.axb4 axb4 22.
Bd2 Nc6 23.Be3 Bg5 24.Nxe6 fxe6 25.Bxe6+ Nf7 26.Qg4 Bxe3 27.fxe3 Rc7 28.
Rac1 g6 29.Qf3 Qg5 30.h4 Qxh4 31.Qxd5 Ne7 32.Qf3 Rxc1 33.Rxc1 Nf5 34.g4 
Qg5 35.Rc7 h5 36.Bxf5 gxf5 37.e6 Nd6 38.e7 Re8 39.Qd5+ Nf7 40.Qxf5 Qxe3+ 
41.Kg2 Rxe7 42.Rxe7 Qxe7 43.gxh5 Qe2+ 44.Kg3 Qe3+ 45.Kh4 Qe1+ 46.Kh3 Qh1+ 
47.Kg3 Qg1+ 48.Kh3 Qe3+ 49.Kh4 Qxd4+ 50.Qg4+ Qxg4+ 51.Kxg4 Ne5+ 52.Kf4 
Nd3+ 53.Ke3 Nc1 54.Kd2 Nb3+ 55.Kd3 Na1 56.Kc4 b3 57.Kc3 Kg7 58.Kd4 Kh6 59.
Kc4 Kxh5 60.Kd5 Kg4 61.Ke4 Nc2 62.Kd3 Kf3 63.Kc3 Na1 64.Kd3 Kf2 65.Kd2 Kf1
66.Kd1 Nc2 67.Kd2 Nd4 68.Kd1 Nf3 0-1

[Event "8th Essent op"]
[Site "Hoogeveen NED"]
[Date "2004.10.18"]
[Round "4.3"]
[White "Goloshchapov, Alexander"]
[Black "Van Wissen, Michiel"]
[Result "1-0"]
[WhiteElo "2566"]
[BlackElo "2297"]
[EventDate "2004.10.15"]
[PlyCount "149"]

1.e4 c5 2.Nf3 d6 3.d4 cxd4 4.Nxd4 Nf6 5.Nc3 a6 6.Be3 e6 7.f3 Nc6 8.Qd2 Be7
9.O-O-O O-O 10.g4 Nxd4 11.Bxd4 Nd7 12.Kb1 Qc7 13.h4 b5 14.g5 Ne5 15.Qf2 
Rb8 16.f4 b4 17.Ne2 Nc6 18.f5 Nxd4 19.Nxd4 e5 20.Nf3 d5 21.Bd3 dxe4 22.
Bxe4 f6 23.gxf6 Bxf6 24.Ng5 Qe7 25.Qf3 Bb7 26.Ne6 Rfc8 27.Rhg1 Bxe4 28.
Qxe4 Qb7 29.Rd5 Kh8 30.h5 h6 31.Rgd1 Re8 32.Qg4 Rg8 33.Rd7 Qb5 34.R7d5 Qb7
35.Rd7 Qb5 36.Rf7 Rb7 37.Rxb7 Qxb7 38.Qe2 Qf7 39.b3 Ra8 40.Rd6 Qb7 41.Nc5 
Qh1+ 42.Qd1 Qh4 43.Qf3 Rc8 44.Ne4 Bg5 45.f6 Qh2 46.fxg7+ Kg8 47.Qd1 Kxg7 
48.Rg6+ Kh8 49.Nxg5 hxg5 50.Rh6+ Kg7 51.Rg6+ Kh8 52.Rxg5 Rg8 53.Rxg8+ Kxg8
54.Qg4+ Kf8 55.Qxb4+ Kf7 56.Qb7+ Kg8 57.h6 Qg1+ 58.Kb2 Qd4+ 59.c3 Qd2+ 60.
Ka3 Qxh6 61.Qd5+ Kf8 62.Qxe5 Qd2 63.Qd4 Qe1 64.Kb4 Qe6 65.Ka5 Qc6 66.Qc4 
Qf6 67.b4 Ke8 68.Qc7 Qe6 69.c4 Qe2 70.a4 Qe6 71.c5 Qc4 72.Qc6+ Kd8 73.Qxa6
Qc3 74.Qd6+ Kc8 75.Kb5 1-0

[Event "8th Essent op"]
[Site "Hoogeveen NED"]
[Date "2004.10.18"]
[Round "4.4"]
[White "Van Beek, Alexander"]
[Black "l`Ami, Erwin"]
[Result "1/2-1/2"]
[WhiteElo "2255"]
[BlackElo "2516"]
[EventDate "2004.10.15"]
[PlyCount "81"]

1.d4 d5 2.c4 c6 3.Nf3 Nf6 4.Qb3 dxc4 5.Qxc4 Bg4 6.Qb3 Qb6 7.Nbd2 Nbd7 8.
Nc4 Qxb3 9.axb3 Bxf3 10.gxf3 e6 11.Bg2 Bb4+ 12.Bd2 Bxd2+ 13.Kxd2 Ke7 14.f4
Nd5 15.e3 c5 16.dxc5 Nxc5 17.Ra3 Rhd8 18.Ke2 f6 19.f5 b5 20.Ra5 a6 21.Bxd5
exd5 22.Nb6 Nxb3 23.Nxa8 Nxa5 24.Nc7 Nc4 25.b3 Rd7 26.Nxa6 Nd6 27.Rc1 Nxf5
28.Rc5 Nd6 29.Rxd5 Ra7 30.Nc5 Ra1 31.Rd1 Ra8 32.f4 g5 33.fxg5 fxg5 34.e4 
Ra2+ 35.Rd2 Rxd2+ 36.Kxd2 Nf7 37.Kc3 h5 38.Kd4 g4 39.Ke3 Ng5 40.Kf4 Nh3+ 
41.Kf5 1/2-1/2

[Event "8th Essent op"]
[Site "Hoogeveen NED"]
[Date "2004.10.18"]
[Round "4.5"]
[White "Smeets, Jan"]
[Black "Hoeksema, Hendrik Pieter"]
[Result "1-0"]
[WhiteElo "2515"]
[BlackElo "2391"]
[EventDate "2004.10.15"]
[PlyCount "63"]

1.e4 c5 2.Nf3 Nc6 3.d4 cxd4 4.Nxd4 Nf6 5.Nc3 e5 6.Ndb5 d6 7.Bg5 a6 8.Na3 
b5 9.Bxf6 gxf6 10.Nd5 f5 11.Bd3 Be6 12.O-O Bg7 13.Qh5 Rc8 14.c3 fxe4 15.
Bxe4 Ne7 16.Nxe7 Qxe7 17.Rfd1 Rc5 18.Nc2 d5 19.Bf5 Bxf5 20.Qxf5 Qe6 21.Nd4
Qd6 22.Qg4 Bf6 23.Nf5 Qd7 24.a4 h5 25.Qb4 Be7 26.Nxe7 Qxe7 27.axb5 Rxb5 
28.Qxb5+ axb5 29.Ra8+ Kd7 30.Ra7+ Ke6 31.Rxe7+ Kxe7 32.Rxd5 1-0

[Event "8th Essent op"]
[Site "Hoogeveen NED"]
[Date "2004.10.18"]
[Round "4.6"]
[White "Afek, Yochanan"]
[Black "Romanishin, Oleg"]
[Result "1/2-1/2"]
[WhiteElo "2322"]
[BlackElo "2543"]
[EventDate "2004.10.15"]
[PlyCount "76"]

1.e4 c5 2.Nf3 e6 3.c3 Qa5 4.Bd3 Ne7 5.O-O Ng6 6.Bc2 c4 7.Qe2 b6 8.Re1 Ba6 
9.d4 cxd3 10.Bxd3 Bxd3 11.Qxd3 Nc6 12.Nbd2 Be7 13.Nc4 Nce5 14.Nfxe5 Nxe5 
15.Nxe5 Qxe5 16.Be3 Qd6 17.Qb5 Qc6 18.a4 Bc5 19.Qxc6 dxc6 20.Bxc5 bxc5 21.
Kf1 Rb8 22.Ra2 Ke7 23.Ke2 Rhd8 24.Rd1 Kf6 25.Rxd8 Rxd8 26.a5 Ke5 27.f3 g5 
28.a6 f5 29.Ra5 Kd6 30.exf5 exf5 31.b4 cxb4 32.cxb4 Re8+ 33.Kd3 Re5 34.
Rxe5 Kxe5 35.Kc4 Kd6 36.g4 fxg4 37.fxg4 h6 38.Kd4 Ke6 1/2-1/2

[Event "8th Essent op"]
[Site "Hoogeveen NED"]
[Date "2004.10.18"]
[Round "4.7"]
[White "Erenburg, Sergey"]
[Black "Okkes, Menno"]
[Result "1/2-1/2"]
[WhiteElo "2537"]
[BlackElo "2353"]
[EventDate "2004.10.15"]
[PlyCount "138"]

1.e4 c6 2.d4 d5 3.e5 c5 4.dxc5 Nc6 5.Bf4 e6 6.Nd2 Nge7 7.Ngf3 Ng6 8.Bg3 
Bxc5 9.Nb3 Bb6 10.Bd3 O-O 11.Bxg6 fxg6 12.O-O Bd7 13.c3 Rc8 14.Kh1 Ne7 15.
Nbd4 Nf5 16.Nxf5 Rxf5 17.Nd4 Rf8 18.f3 Bxd4 19.Qxd4 Qb6 20.Qd2 Qc7 21.Rfe1
b5 22.Bf2 a5 23.Bd4 a4 24.Rf1 Qc4 25.Rf2 Rb8 26.a3 Qc8 27.Re1 Qd8 28.f4 
Qh4 29.h3 Qe7 30.g4 Qh4 31.Kh2 Qe7 32.Qe3 Rbc8 33.Qg3 Rc6 34.h4 Qf7 35.Kg1
h5 36.gxh5 gxh5 37.f5 exf5 38.e6 Rxe6 39.Rxe6 Bxe6 40.Rg2 Kh7 41.Qxg7+ 
Qxg7 42.Rxg7+ Kh6 43.Rb7 Re8 44.Kf2 f4 45.Be5 Kg6 46.Bxf4 Bg4 47.Rxb5 Re2+
48.Kg3 Be6 49.Bg5 Re4 50.Rb6 Kf7 51.Ra6 Rg4+ 52.Kf2 Re4 53.Ra5 Kg6 54.Ra8 
Kf5 55.Kf3 Ke5 56.Ra6 Bg4+ 57.Kg3 Be6 58.Bf4+ Kf5 59.Ra8 Kf6 60.Rf8+ Ke7 
61.Rh8 Bg4 62.Rh6 Bd1 63.Bg5+ Kd7 64.Bf4 Re6 65.Rh7+ Re7 66.Rh8 Re8 67.
Rxe8 Kxe8 68.Be5 Kd7 69.Kf4 Kc6 1/2-1/2

[Event "8th Essent op"]
[Site "Hoogeveen NED"]
[Date "2004.10.18"]
[Round "4.9"]
[White "Li Shilong"]
[Black "Grimm, Sascha"]
[Result "1-0"]
[WhiteElo "2526"]
[BlackElo "2342"]
[EventDate "2004.10.15"]
[PlyCount "78"]

1.d4 Nf6 2.c4 c5 3.d5 e6 4.Nc3 exd5 5.cxd5 d6 6.Nf3 g6 7.Bg5 Bg7 8.e4 a6 
9.a4 Bg4 10.Be2 Bxf3 11.Bxf3 Nbd7 12.O-O O-O 13.Be2 Re8 14.Qc2 Rc8 15.f4 
c4 16.Kh1 Qa5 17.Bf3 Qc5 18.Rae1 Qd4 19.Rd1 Qb6 20.Bh4 Nc5 21.e5 Nfd7 22.
Bg4 dxe5 23.d6 f5 24.Be2 Qb3 25.Qd2 Nd3 26.Bxd3 cxd3 27.Qxd3 exf4 28.Qf3 
h6 29.Be7 g5 30.Qh5 Qf7 31.Qf3 Ne5 32.Qe2 Nd7 33.Nd5 Rc5 34.Qd2 Rcc8 35.
Rfe1 Rc5 36.b4 Rc6 37.b5 Rc5 38.bxa6 bxa6 39.Nc7 Rc8 1-0

[Event "8th Essent op"]
[Site "Hoogeveen NED"]
[Date "2004.10.18"]
[Round "4.11"]
[White "Vroombout, Enrico"]
[Black "Delemarre, Jop"]
[Result "1/2-1/2"]
[WhiteElo "2141"]
[BlackElo "2449"]
[EventDate "2004.10.15"]
[PlyCount "97"]

1.e4 e6 2.d4 d5 3.Nc3 Bb4 4.e5 c5 5.a3 Bxc3+ 6.bxc3 Ne7 7.Nf3 Qc7 8.a4 h6 
9.Bb5+ Bd7 10.Bd3 Qa5 11.Bd2 c4 12.Bf1 Bxa4 13.g3 Nbc6 14.Ra2 b5 15.Bh3 
Qc7 16.O-O Qd7 17.Nh4 O-O 18.g4 g5 19.Ng2 f6 20.f4 fxe5 21.fxg5 Rxf1+ 22.
Qxf1 Rf8 23.Qe2 hxg5 24.Qe3 Ng6 25.Qxg5 Qg7 26.Qh5 Qf7 27.Ne1 exd4 28.Nf3 
Nge7 29.Qxf7+ Rxf7 30.Nxd4 Nxd4 31.cxd4 c3 32.Be1 Nc6 33.Bf2 Rf4 34.g5 
Nxd4 35.Bxd4 Rxd4 36.Bxe6+ Kg7 37.Bf5 Rd2 38.h4 Rd4 39.h5 Rf4 40.h6+ Kf8 
41.Be6 Rh4 42.Kf2 d4 43.Kg3 Rh1 44.Bf5 a5 45.Kf4 Ke7 46.Ke5 Rh5 47.h7 Kf7 
48.Kxd4 Kg7 49.Kxc3 1/2-1/2

[Event "8th Essent op"]
[Site "Hoogeveen NED"]
[Date "2004.10.18"]
[Round "4.12"]
[White "Loffler, Stefan"]
[Black "Erwich, Marc"]
[Result "0-1"]
[WhiteElo "2432"]
[BlackElo "2336"]
[EventDate "2004.10.15"]
[PlyCount "48"]

1.d4 Nf6 2.Nf3 b6 3.Bg5 e6 4.e4 h6 5.Bxf6 Qxf6 6.Bd3 Bb7 7.O-O g5 8.Nc3 
Bg7 9.Re1 O-O 10.e5 Qe7 11.Ne4 d6 12.Nfxg5 dxe5 13.dxe5 hxg5 14.Qh5 Rd8 
15.Nxg5 Nd7 16.f4 Nc5 17.Bh7+ Kf8 18.Re3 Rd2 19.Rg3 Rad8 20.Rf1 Qd7 21.b4 
Rd1 22.Bd3 Qd4+ 23.Kh1 Rxf1+ 24.Bxf1 Qxf4 0-1

[Event "8th Essent op"]
[Site "Hoogeveen NED"]
[Date "2004.10.18"]
[Round "4.15"]
[White "Van de Oudeweetering, Arthur"]
[Black "Bitalzadeh, Ali"]
[Result "1/2-1/2"]
[WhiteElo "2383"]
[BlackElo "2289"]
[EventDate "2004.10.15"]
[PlyCount "47"]

1.e4 c5 2.c3 d5 3.exd5 Qxd5 4.d4 Nf6 5.Nf3 Bg4 6.Be2 e6 7.h3 Bh5 8.O-O Nc6
9.Be3 cxd4 10.Nxd4 Bxe2 11.Qxe2 Nxd4 12.Bxd4 Be7 13.Nd2 O-O 14.Rfe1 Nd7 
15.Nf3 Bf6 16.c4 Qh5 17.Rad1 Rfd8 18.Rd2 Bxd4 19.Rxd4 Nf6 20.Red1 Rxd4 21.
Rxd4 Qc5 22.Qe3 Qc7 23.Ne5 a5 24.b3 1/2-1/2

[Event "8th Essent op"]
[Site "Hoogeveen NED"]
[Date "2004.10.18"]
[Round "4.16"]
[White "Van Kooten, Luuk"]
[Black "Siebrecht, Sebastian"]
[Result "1/2-1/2"]
[WhiteElo "2272"]
[BlackElo "2366"]
[EventDate "2004.10.15"]
[PlyCount "47"]

1.d4 Nf6 2.c4 g6 3.Nc3 Bg7 4.e4 O-O 5.Bd3 Nc6 6.Nge2 e5 7.d5 Nd4 8.O-O c5 
9.h3 d6 10.Nxd4 exd4 11.Ne2 Re8 12.Ng3 Nd7 13.f4 a6 14.Qf3 b5 15.b3 bxc4 
16.bxc4 Qa5 17.Rb1 Qxa2 18.h4 Qa5 19.h5 Qd8 20.hxg6 hxg6 21.e5 dxe5 22.d6 
Ra7 23.Qd5 Nf8 24.Ne4 1/2-1/2

[Event "8th Essent op"]
[Site "Hoogeveen NED"]
[Date "2004.10.18"]
[Round "4.18"]
[White "Vogel, Jaap"]
[Black "Ernst, Sipke"]
[Result "1/2-1/2"]
[WhiteElo "2256"]
[BlackElo "2521"]
[EventDate "2004.10.15"]
[PlyCount "107"]

1.d4 Nf6 2.Nf3 g6 3.g3 Bg7 4.Bg2 O-O 5.O-O c5 6.c3 d6 7.dxc5 dxc5 8.Be3 
Nfd7 9.Qc1 Nc6 10.Rd1 Qc7 11.Bh6 Nf6 12.Bxg7 Kxg7 13.Nbd2 Bf5 14.Nc4 Rad8 
15.Qe3 Be6 16.Nce5 Nd5 17.Qxc5 Nxe5 18.Rxd5 Qxc5 19.Rxc5 Nxf3+ 20.Bxf3 Rd2
21.b3 Rfd8 22.Kg2 R8d7 23.h4 h5 24.Re5 b6 25.c4 Kf6 26.Re3 a5 27.a4 Rc2 
28.Be4 Rb2 29.Rc1 Rdd2 30.Bf3 Rbc2 31.Rxc2 Rxc2 32.Rd3 Rb2 33.Re3 Bf5 34.
c5 bxc5 35.Rc3 Rc2 36.Rxc2 Bxc2 37.Bd5 Ke5 38.Bxf7 e6 39.Kf3 Kf5 40.Ke3 
Bxb3 41.Be8 Bc4 42.Bc6 e5 43.Be4+ Kf6 44.Bc2 Bd5 45.f4 exf4+ 46.gxf4 Bf7 
47.Kd2 Ke7 48.Kc3 Kd6 49.Bd3 Be8 50.Bb5 Bf7 51.e4 Ke7 52.Bc4 Be8 53.Bb5 
Bf7 54.Bc4 1/2-1/2

[Event "8th Essent op"]
[Site "Hoogeveen NED"]
[Date "2004.10.18"]
[Round "4.20"]
[White "Boersma, Jan"]
[Black "Blees, Albert"]
[Result "1-0"]
[WhiteElo "2221"]
[BlackElo "2408"]
[EventDate "2004.10.15"]
[PlyCount "53"]

1.e4 c5 2.Nc3 Nc6 3.g3 g6 4.Bg2 Bg7 5.d3 d6 6.f4 e5 7.Nh3 Nge7 8.O-O Rb8 
9.f5 f6 10.g4 h5 11.g5 gxf5 12.exf5 Bxf5 13.gxf6 Bxf6 14.Ng5 Nd4 15.Nce4 
Bg7 16.c3 Bg4 17.Qa4+ b5 18.Qxa7 Ne2+ 19.Kh1 Rf8 20.Be3 Nf4 21.Bxf4 exf4 
22.Rae1 f3 23.Nxf3 Rf7 24.Neg5 Bf6 25.Nxf7 Kxf7 26.Rxe7+ Bxe7 27.Ne5+ 1-0

[Event "8th Essent op"]
[Site "Hoogeveen NED"]
[Date "2004.10.18"]
[Round "4.22"]
[White "Hendriks, Richard V"]
[Black "Hendriks, Willy"]
[Result "1-0"]
[WhiteElo "2140"]
[BlackElo "2396"]
[EventDate "2004.10.15"]
[PlyCount "85"]

1.d4 Nf6 2.c4 c5 3.d5 b5 4.cxb5 a6 5.bxa6 g6 6.Nc3 Bxa6 7.g3 d6 8.Bg2 Bg7 
9.Nf3 Nbd7 10.Rb1 O-O 11.O-O Ne8 12.Qc2 Nc7 13.Rd1 Rb8 14.e4 Rb7 15.b3 Qa8
16.Bb2 Qa7 17.Na4 Bxb2 18.Nxb2 f6 19.Ra1 Rfb8 20.Bf1 Ne5 21.Nxe5 fxe5 22.
Qd2 Rf8 23.Bxa6 Qxa6 24.Nc4 Nb5 25.Qa5 Ra8 26.Qd2 Nd4 27.Kg2 Rba7 28.Rf1 
Qb7 29.Qb2 Rf8 30.Qd2 Qa8 31.Qb2 Rf3 32.Nd2 Rd3 33.f4 exf4 34.Rxf4 h5 35.
Rf2 h4 36.gxh4 Qc8 37.Kh1 e6 38.Rg1 exd5 39.Rxg6+ Rg7 40.Rxg7+ Kxg7 41.Qb1
dxe4 42.Qg1+ Kh8 43.Qg6 1-0